| 000 | 00634nam a2200193Ia 4500 | ||
|---|---|---|---|
| 003 | LDD | ||
| 008 | 190117s9999 xx 000 0 und d | ||
| 020 |
_a8170558352 _c₹395 |
||
| 040 | _cLDD | ||
| 041 | _ahi | ||
| 082 | _a8H1.709 नि 6401 | ||
| 100 | _aनिराला संचयिता | ||
| 245 | 0 |
_aनिराला संचयिता _cनिराला संचयिता |
|
| 260 |
_aनई दिल्ली _bवाणी प्र. _c2001 |
||
| 300 | _a413प्र. | ||
| 901 | _aVANI | ||
| 904 | _aReqst by : J.M. parakh | ||
| 942 |
_2ddc _cH |
||
| 999 |
_c162476 _d162476 |
||